Manhattan Subway Stations - Statistics

General Stats
  • This quiz has been taken 192 times
  • The average score is 28 of 94
Answer Stats
Line(s) Stations % Correct
A C E F M 1 2 3 14th St
67%
C E F M R N 1 6 23rd St
56%
7 5th Av
52%
4 5 6 59th St
51%
A B C D 1 2 3 4 5 6 125th St
50%
L 8th Av
48%
L 1st Av
47%
B D E 7th Av
47%
2 3 4 5 Wall St
46%
6 110th St
45%
L 3rd Av
45%
B C 1 2 3 72nd St
45%
B C 1 4 5 6 86th St
45%
B C 1 2 3 6 96th St
45%
A C E J N Q R Z 1 6 Canal St
45%
L 6th Av
44%
F 2nd Av
43%
1 18th St
41%
N R 1 6 28th St
41%
B C 2 3 6 116th St
39%
6 33rd St
39%
A C 1 2 3 Chambers St
39%
A C J Z 2 3 4 5 Fulton St
39%
N Q R S 1 2 3 7 Times Square–42nd St
39%
1 50th St
36%
E World Trade Center
36%
B C 81st St–Museum of Natural History
35%
1 79th St
34%
C E 6 Spring St
34%
N Q R 49th St
33%
6 51st St
33%
6 77th St
33%
R City Hall
33%
B C 2 3 135th St
32%
A B C D 1 3 145th St
32%
L N Q R 4 5 6 14th St–Union Square
32%
1 South Ferry
32%
6 Astor Place
31%
R 1 Rector St
31%
B C 1 6 103rd St
30%
F 57th St
30%
B D F M N Q R 34th St–Herald Square
29%
A C E 1 2 3 34th St–Penn Station
29%
N R 8th St–New York University
29%
1 Houston St
29%
N R Prince St
29%
4 5 Bowling Green
28%
B C D 155th St
27%
A C 1 168th St
27%
1 207th St
27%
7 34th St–Hudson Yards
27%
A B C D 1 59th St–Columbus Circle
27%
S 4 5 6 7 Grand Central–42nd St
27%
B D F M 42nd St–Bryant Park
25%
6 Bleecker St
25%
J Z Bowery
25%
R 1 Cortlandt St
25%
A 1 181st St
24%
1 66th St–Lincoln Center
24%
J Z Broad St
24%
4 5 6 Brooklyn Bridge–City Hall
24%
F East Broadway
24%
A 175th St
23%
1 191st St
23%
A C E 42nd St–Port Authority Bus Terminal
23%
6 68th St–Hunter College
23%
1 157th St
22%
2 3 Park Place
22%
A 190th St
21%
1 215th St
21%
A 1 Dyckman St
21%
B D Grand St
21%
B D F M 47th-50th Sts.–Rockefeller Center
20%
E M 5th Av/53rd St
19%
B D F M Broadway–Lafayette St
19%
1 Franklin St
19%
N Q R 5th Av/59th St
18%
1 137th St–City College
17%
F Roosevelt Island
17%
1 116th St–Columbia University
15%
N Q R 57th St–7th Av
15%
1 Christopher St–Sheridan Square
15%
3 Harlem–148th St
15%
A Inwood–207th St
15%
N Q R Lexington Ave–59th St
15%
F Lexington Ave–63rd St
15%
A B C D E F M West 4th St–Washington Square
14%
C 163rd St–Amsterdam Av
13%
2 3 Central Park North (110th St)
13%
1 Marble Hill–225th St
13%
R Whitehall St–South Ferry
13%
E M Lexington Ave–53rd St
12%
B C 1 Cathedral Pkwy (110th St)
10%
F J M Z Delancey St–Essex St
9%
No matching quizzes found
Score Distribution
Percent of People with Each Score
Percentile by Number Answered
Your Score History
You have not taken this quiz